Marketing en la pequeña y mediana empresa

Guardat en:
Dades bibliogràfiques
Autors principals: Cry, Donald (Autor), Gray, Douglas A (Autor)
Format: Llibre
Idioma:espanyol
Publicat: Bogotá Grupo Editorial Norma 2004
Edició:1a. ed
Col·lecció:Pymes
Matèries:
Etiquetes: Afegir etiqueta
Sense etiquetes, Sigues el primer a etiquetar aquest registre!

MARC

LEADER 00000cam a2200000 a 4500
001 UCD9101
003 CL-VaPUC
008 170602e20040000ck |||||||||||||||||spa|d
020 |a 958047821X 
082 0 4 |a 658.8  |b CYR  |2 21 
100 0 |a Cry, Donald  |e author  |9 592779 
700 |a Gray, Douglas A  |e author  |9 396160 
245 1 0 |a Marketing en la pequeña y mediana empresa 
250 |a 1a. ed 
300 |a 318 p 
942 |c BK 
945 |d 20170602 23:29:00  |a arojas 
260 |a Bogotá  |b Grupo Editorial Norma   |c 2004 
600 0 7 |a PYMES  |2 CL-VaPUC  |9 518976 
650 0 |a Gestión de marketing  |9 496779 
650 7 |a PEQUEÑAS EMPRESAS  |2 CL-VaPUC  |9 470619 
650 7 |a MEDIANAS EMPRESAS  |2 CL-VaPUC  |9 518977 
583 |a last modification  |c 20170602 23:29:00  |k Rodrigo Vera 
490 0 |a Pymes 
999 |c 368384  |d 368382